000 00297nam a22001097a 4500
008 160614b xxu||||| |||| 00| 0 eng d
020 _a039752059X
041 _aeng
080 _a618.2
245 _aHealth care administration: A managerial perspective:
_cSamuel Levey; Paul Loomba;
942 _2udc
_cBK
999 _c2504
_d2504